000
00217 a2200097 4500
001
57709
100
_a
245
_a
Takreekh-e-Arab(Urdu)
260
_a
Karachi
_b
Nafees academy
_c
1986
090
_c
35391
_d
35391
942
_a
NUST-CAE
_c
MONOGRAPH
_c
28215
999
_c
292782
_d
292782